Čínsky juan a jeho miesto v medzinárodnom menovom systéme

Prehľad literatúry, ktorá sa zaoberá problematikou postavenia čínskej meny renminbi. Renminbi ako svetová rezervná mena. Rovnocenné názvy čínskej meny - renminbi a juan. Devalvácia čínskeho juanu pred jeho zaradením do koša SDR. Podmienky zaradenia juanu do koša rezervných mien SDR.

Saved in:
Bibliographic Details
Main Author: Lipková, Ľudmila
Format: Book Chapter
Language:Slovak
Subjects:
Tags: Add Tag
No Tags, Be the first to tag this record!

MARC

LEADER 00000nla a2200000 4500
001 0228987
005 20240502073755.1
041 0 |a slo 
044 |a SK 
245 1 0 |a Čínsky juan a jeho miesto v medzinárodnom menovom systéme  |c Ľudmila Lipková 
520 |a Prehľad literatúry, ktorá sa zaoberá problematikou postavenia čínskej meny renminbi. Renminbi ako svetová rezervná mena. Rovnocenné názvy čínskej meny - renminbi a juan. Devalvácia čínskeho juanu pred jeho zaradením do koša SDR. Podmienky zaradenia juanu do koša rezervných mien SDR. 
610 2 0 |a mena 
610 2 0 |a politika menová 
610 2 0 |a juan 
610 2 0 |a kôš menový 
610 2 0 |a Čína 
100 1 |a Lipková, Ľudmila